000 00456cam a2200145 4500500
005 20250921004703.0
041 _afre
042 _adc
100 1 0 _aMouton, Nicolas
_eauthor
245 0 0 _aPages de fin
260 _c2015.
500 _a65
786 0 _nLa Nouvelle Revue française | 614 | 4 | 2015-09-10 | p. 139-142 | 0029-4802
856 4 1 _uhttps://shs.cairn.info/revue-la-nouvelle-revue-francaise-2015-4-page-139?lang=fr&redirect-ssocas=7080
999 _c1508136
_d1508136